[Event "IX EICC"]
[Site "Plovdiv BUL"]
[Date "2008.04.21"]
[Round "1"]
[White "Pavasovic,D"]
[Black "Todorovic,J"]
[Result "1-0"]
[WhiteElo "2595"]
[BlackElo "2406"]

1.e4 c5 2.Nf3 d6 3.d4 cxd4 4.Nxd4 Nf6 5.Nc3 Nc6 6.Bg5 e6 7.Qd2 Be7 8.O-O-O O-O
9.Nb3 a6 10.Bxf6 gxf6 11.Qh6 Kh8 12.f4 Rg8 13.Qh5 Rg7 14.Be2 b5 15.Bf3 Bd7
16.Rd3 Rc8 17.Kb1 b4 18.Ne2 Qc7 19.c4 bxc3 20.Rxc3 Qb6 21.Nd2 Rb8 22.Rb3 Qc7
23.Rxb8+ Qxb8 24.Rc1 f5 25.exf5 Bf6 26.Nb3 Na5 27.Ned4 Nxb3 28.Nxb3 exf5
29.Bd5 a5 30.Qe2 a4 31.Na5 a3 32.b3 Qb6 33.Qd2 Bb5 34.Bc4 Bxc4 35.Rxc4  1-0

[Event "II Open"]
[Site "La Laguna ESP"]
[Date "2008.04.22"]
[Round "2"]
[White "Vidal Lanau,B"]
[Black "Fernandez Romero,Ern"]
[Result "0-1"]
[WhiteElo "2014"]
[BlackElo "2463"]

1.e4 c5 2.Nf3 Nc6 3.d4 cxd4 4.Nxd4 Nf6 5.Nc3 d6 6.Bg5 e6 7.Qd2 a6 8.O-O-O Bd7
9.f4 h6 10.Bh4 g5 11.fxg5 Ng4 12.Be2 Nge5 13.Bg3 hxg5 14.Rhf1 Rc8 15.h3 Qc7
16.Kb1 Nxd4 17.Qxd4 b5 18.Qf2 Bc6 19.a3 Bg7 20.Rd2 O-O 21.Qe3 Qe7 22.Rfd1 Rfd8
23.Qb6 Rb8 24.Qxa6 Ra8 25.Qb6 Rdb8 26.Qe3 b4 27.axb4 Rxb4 28.Rxd6 Bxe4 29.Nxe4 Rxb2+
30.Kc1 Raa2 31.Rd8+ Kh7 32.Bd3 Nxd3+ 33.Qxd3 Rxc2+ 34.Qxc2 Qa3+ 35.Kd2 Qa5+
36.Kc1 Ra1+ 37.Qb1 Rxb1+ 38.Kxb1 Qb4+  0-1

[Event "26th Metz Open"]
[Site "Metz St Symphorien FRA"]
[Date "2008.04.22"]
[Round "4"]
[White "Baillot,J"]
[Black "Plachetka,J"]
[Result "0-1"]
[WhiteElo "1989"]
[BlackElo "2386"]

1.e4 c5 2.Nf3 d6 3.d4 cxd4 4.Nxd4 Nf6 5.Nc3 Nc6 6.Bg5 e6 7.Qd2 Qb6 8.Nb3 a6
9.O-O-O Be7 10.f3 O-O 11.h4 Rd8 12.g4 Qc7 13.Bxf6 Bxf6 14.g5 Be7 15.f4 b5
16.a3 Bb7 17.Rg1 b4 18.axb4 Nxb4 19.g6 fxg6 20.Bh3 Bf6 21.Bxe6+ Kh8 22.Nd5 Bxd5
23.exd5 a5 24.Na1 Rdb8 25.c3 Na2+ 26.Kc2 Rxb2+ 27.Kxb2 Bxc3+ 28.Kxa2 Qc4+  0-1

[Event "IX EICC"]
[Site "Plovdiv BUL"]
[Date "2008.04.22"]
[Round "2"]
[White "Hagesaether,A"]
[Black "Mamedov,Nid"]
[Result "0-1"]
[WhiteElo "2181"]
[BlackElo "2577"]

1.e4 c5 2.Nf3 d6 3.d4 cxd4 4.Nxd4 Nf6 5.Nc3 Nc6 6.Bg5 e6 7.Qd2 Qb6 8.O-O-O a6
9.Nxc6 bxc6 10.Bf4 d5 11.Na4 Qb7 12.f3 Be7 13.Qd4 O-O 14.Rd3 Nd7 15.Rb3 c5
16.Rxb7 cxd4 17.Rb3 dxe4 18.fxe4 Nc5 19.Nxc5 Bxc5 20.Be2 Re8 21.e5 Bd7 22.Bf3 Ra7
23.Rd1 Bb5 24.Be4 f5 25.exf6 gxf6 26.Bh6 Kf7 27.Rg3 Rg8 28.Rh3 f5 29.Bf3 Kf6
30.b3 e5 31.a4 Be8 32.Rf1 Bg6 33.Bd5 Rd8 34.Bc4 Ba3+ 35.Kd1 Bf8 36.Bc1 a5
37.Bd3 Ke6 38.Rhf3 f4 39.Bc4+ Kf6 40.Rh3 Bf5 41.Rh4 Kg7 42.Bxf4 exf4 43.Rfxf4 Be7
44.Rh5 Bg6 45.Rb5 Bb4 46.Re5 Rdd7 47.Re6 Bc3  0-1

[Event "IX EICC"]
[Site "Plovdiv BUL"]
[Date "2008.04.23"]
[Round "3"]
[White "Papadopoulos,I"]
[Black "Sidorenko,I"]
[Result "1-0"]
[WhiteElo "2471"]
[BlackElo "2334"]

1.e4 c5 2.Nf3 d6 3.d4 cxd4 4.Nxd4 Nf6 5.Nc3 Nc6 6.Bg5 e6 7.Qd2 a6 8.O-O-O h6
9.Be3 Be7 10.f3 Nxd4 11.Bxd4 b5 12.Kb1 Qa5 13.Qf2 Rb8 14.Ne2 e5 15.Ba7 Rb7
16.Nc1 Be6 17.Bd3 O-O 18.Rhe1 Rc8 19.h3 Nd7 20.Be3 Nc5 21.f4 exf4 22.Bxf4 Rbc7
23.Re2 Qb4 24.Qg3 Nxd3 25.Nxd3 Qc4 26.Nc1 Kh8 27.Bxd6 Bxd6 28.Rxd6 a5 29.Qe5 Qb4
30.Qd4 Rc4 31.Qe5 a4 32.a3 Qa5 33.Nd3 Qc7 34.Nb4 Rxb4 35.axb4 Qc4 36.Rd3 Qa2+
37.Kc1 Bb3 38.Rc3 Qa1+ 39.Kd2 Bc4 40.Rg3 Rg8 41.Re1 Rd8+ 42.Rd3 Rxd3+ 43.cxd3 Qa2
44.dxc4 a3 45.Kc2 bxc4 46.Qc3 axb2 47.Qxb2 Qa4+ 48.Kc1  1-0

[Event "26th Metz Open"]
[Site "Metz St Symphorien FRA"]
[Date "2008.04.24"]
[Round "6"]
[White "Spraggett,K"]
[Black "Shchekachev,A"]
[Result "1/2-1/2"]
[WhiteElo "2591"]
[BlackElo "2520"]

1.e4 c5 2.Nf3 d6 3.d4 cxd4 4.Nxd4 Nc6 5.Nc3 Nf6 6.Bg5 e6 7.Qd2 a6 8.O-O-O Be7
9.h4 h6 10.Bxf6 gxf6 11.Kb1 Qc7 12.Be2 Nxd4 13.Qxd4 b5 14.f4 Qc5 15.Qd2 Bb7
16.Bf3 b4 17.Ne2 Rb8 18.f5 e5 19.Ng3 Bf8 20.Rhe1 Rc8 21.Nf1 h5 22.Ne3 Bc6
23.Qd3 Bh6 24.Nd5 Bxd5 25.exd5 a5 26.Re4  1/2-1/2

[Event "26th Metz Open"]
[Site "Metz St Symphorien FRA"]
[Date "2008.04.24"]
[Round "6"]
[White "Dal Borgo,A"]
[Black "Bauer,Ch"]
[Result "0-1"]
[WhiteElo "2164"]
[BlackElo "2619"]

1.e4 c5 2.Nf3 Nc6 3.d4 cxd4 4.Nxd4 Nf6 5.Nc3 d6 6.Bg5 e6 7.Qd2 a6 8.f4 h6
9.Bxf6 Qxf6 10.Nf3 Bd7 11.O-O-O g5 12.g3 O-O-O 13.Bg2 Rg8 14.fxg5 hxg5 15.g4 Be8
16.Qe3 Qe7 17.Na4 Qc7 18.Qb6 Qxb6 19.Nxb6+ Kc7 20.Nc4 b5 21.Ne3 Be7 22.c3 Rh8
23.h3 Rb8 24.Nc2 Bf6 25.Ncd4 Ne7 26.Bf1 Ng6 27.Ne2 Bc6 28.Ng3 d5 29.Re1 b4
30.exd5 Bxd5 31.Ne4 bxc3 32.bxc3 Be7 33.Rh2 Ba3+ 34.Kd2 Nh4 35.Rf2 Rb2+  0-1

[Event "IX EICC"]
[Site "Plovdiv BUL"]
[Date "2008.04.26"]
[Round "6"]
[White "Van Beek,Al"]
[Black "Wells,P"]
[Result "1/2-1/2"]
[WhiteElo "2343"]
[BlackElo "2521"]

1.e4 c5 2.Nf3 Nc6 3.d4 cxd4 4.Nxd4 Nf6 5.Nc3 d6 6.Bg5 e6 7.Qd2 Be7 8.O-O-O O-O
9.f4 Nxd4 10.Qxd4 Qa5 11.e5 dxe5 12.Qxe5 Qxe5 13.fxe5 Nd5 14.Bxe7 Nxe7 15.Bd3 b6
16.Be4 Rb8 17.Rhe1 Bb7 18.Rd7 Bxe4 19.Rxe4 Nc6  1/2-1/2

[Event "IX EICC"]
[Site "Plovdiv BUL"]
[Date "2008.04.26"]
[Round "6"]
[White "Istratescu,A"]
[Black "Mamedov,Nid"]
[Result "1/2-1/2"]
[WhiteElo "2628"]
[BlackElo "2577"]

1.e4 c5 2.Nf3 d6 3.d4 cxd4 4.Nxd4 Nf6 5.Nc3 Nc6 6.Bg5 e6 7.Qd2 a6 8.O-O-O Bd7
9.Be2 Nxd4 10.Qxd4 Be7 11.f4 Bc6 12.Bf3 O-O 13.h4 Rc8 14.Kb1 Qc7 15.Qe3 Rfd8
16.g4 b5 17.Bxf6 Bxf6 18.g5 Bxc3 19.Qxc3 Bb7 20.Qxc7 Rxc7 21.Rd4 Kf8 22.Rhd1 Ke7
23.a4 Rc5 24.axb5  1/2-1/2

[Event "TCh-HUN 2007-8"]
[Site "Budapest HUN"]
[Date "2008.04.27"]
[Round "10"]
[White "Tamas,M"]
[Black "Danner,G"]
[Result "0-1"]
[WhiteElo "2141"]
[BlackElo "2434"]

1.e4 c5 2.Nf3 Nc6 3.d4 cxd4 4.Nxd4 Nf6 5.Nc3 d6 6.Bg5 e6 7.Bb5 Bd7 8.Bxc6 bxc6
9.Qf3 Qb6 10.O-O-O Be7 11.Nb3 c5 12.e5 Bc6 13.Qe2 dxe5 14.Qxe5 O-O 15.f3 Nd7
16.Qg3 Bxg5+ 17.Qxg5 Rab8 18.Qf4 Qb4 19.Qxb4 cxb4 20.Ne4 Rfc8 21.Rhe1 Bd5
22.Kb1 Rb6 23.Rd4 h6 24.Nf2 Kh7 25.Nd3 Rc4 26.Rxc4 Bxc4 27.Ne5 Nxe5 28.Rxe5 Bd5
29.Re3 g5 30.Nc5 Kg6 31.c3 bxc3 32.Rxc3 h5 33.Ra3 Rb5 34.Na4 Ra5 35.Kc2 Bc6
36.Kb3 g4 37.fxg4 hxg4 38.Kb4 Rb5+ 39.Kc4 a5 40.Nc3 Rxb2 41.Rxa5 Rxg2 42.Rc5 Bf3
43.Rc8 Rxh2 44.Kd4 Kf5 45.Ke3 Rh3 46.Kf2 Bb7 47.Rc5+ e5 48.Ne2 Rf3+ 49.Kg1 Ra3
50.Rc7 Bf3 51.Nc3 f6 52.Kf2 Kf4 53.Rc4+ Kg5 54.Rc8 f5  0-1

[Event "IX EICC"]
[Site "Plovdiv BUL"]
[Date "2008.04.27"]
[Round "7"]
[White "Hracek,Z"]
[Black "Kotanjian,T"]
[Result "1/2-1/2"]
[WhiteElo "2613"]
[BlackElo "2570"]

1.e4 c5 2.Nf3 d6 3.d4 cxd4 4.Nxd4 Nf6 5.Nc3 Nc6 6.Bg5 e6 7.Qd2 a6 8.O-O-O Bd7
9.f3 h6 10.Be3 b5 11.g4 Ne5 12.a3 Qc7 13.h4 g6 14.Rg1 Nc4 15.Bxc4 Qxc4 16.g5 hxg5
17.hxg5 Nh5 18.Kb1 b4 19.axb4 Qxb4 20.Nb3 Qb7 21.Bd4 Rh7 22.Ne2 e5 23.Bc3 Bb5
24.Na5 Qc7 25.Nc1 Nf4 26.Rh1 Rxh1 27.Rxh1 Rb8 28.Rh8 Ne6 29.Ncb3 Qb6 30.Bb4 Kd7
31.Ka2 Be7 32.Nc5+ Nxc5 33.Bxc5 Qc7 34.Rxb8 Qxb8 35.c4 Ba4 36.b3 Qc7 37.Bb4 Bc6
38.Nxc6 Qxc6 39.Qe3 Qb7 40.Bc3 Ke8 41.b4 Qc8 42.Kb3 Qh3 43.Qd3 Bxg5 44.Qxd6 Qxf3
45.Qxe5+ Be7 46.Qh8+ Bf8 47.Qd4 f5 48.Qe5+  1/2-1/2

[Event "IX EICC"]
[Site "Plovdiv BUL"]
[Date "2008.04.27"]
[Round "7"]
[White "Kritz,L"]
[Black "Nevednichy,V"]
[Result "1/2-1/2"]
[WhiteElo "2609"]
[BlackElo "2558"]

1.e4 c5 2.Nf3 d6 3.d4 cxd4 4.Nxd4 Nf6 5.Nc3 Nc6 6.Bg5 e6 7.Qd2 a6 8.O-O-O Bd7
9.f3 b5 10.Nxc6 Bxc6 11.Ne2 h6 12.Be3 Qc7 13.h4 Rc8 14.Nd4 Bb7 15.Bd3 Nd7
16.Kb1 Ne5 17.Rhe1 Be7 18.h5 O-O 19.g4 d5 20.g5 dxe4 21.fxe4 Nc4 22.Bxc4 Qxc4
23.Qg2 hxg5 24.Bxg5 f6 25.b3 Qb4 26.Bh6 Rf7 27.Nxe6 f5 28.Bxg7 Bxe4 29.Bc3+ Bxg2
30.Bxb4 Be4 31.Rd4 Bxc2+ 32.Kb2 Bf6 33.Rg1+ Kh8 34.Bc3 b4 35.Rc4 Bxc3+ 36.Kxc2 Re8
37.Rg6 Rd7 38.Rf4 Rd2+ 39.Kb1 Rb2+ 40.Kc1 Re2 41.Rh6+ Kg8 42.Rg6+ Kh8 43.Rh6+ Kg8
44.Rg6+  1/2-1/2

[Event "ch-NED U21"]
[Site "Venlo NED"]
[Date "2008.04.27"]
[Round "3"]
[White "Otte,Mari"]
[Black "Swinkels,R"]
[Result "1-0"]
[WhiteElo "2249"]
[BlackElo "2448"]

1.e4 c5 2.Nf3 d6 3.d4 cxd4 4.Nxd4 Nf6 5.Nc3 Nc6 6.Bg5 e6 7.Qd2 a6 8.O-O-O Bd7
9.f3 Be7 10.h4 h6 11.Be3 h5 12.Kb1 Ne5 13.Bg5 b5 14.f4 Neg4 15.Re1 b4 16.Nd1 Qb6
17.e5 dxe5 18.fxe5 Nd5 19.Bc4 Nc3+ 20.Nxc3 bxc3 21.Qxc3 Bc5 22.Qf3 Rc8 23.Nf5 Kf8
24.Nxg7 Kxg7 25.Rhf1 Bf2 26.Bf6+ Kg8 27.Re4 Rh6 28.Rxg4+ hxg4 29.Qxg4+ Rg6
30.Qh5 Kf8 31.Bd3 Rg8 32.Qh6+ Ke8 33.Bg6 Ba4 34.Bxf7+ Kd7 35.Rd1+ Bd4 36.b3 Rxc2
37.Bxe6+ Kc6 38.Kxc2 Rxg2+ 39.Kd3 Bb5+ 40.Ke4 Re2+ 41.Kf3 Qc5 42.Bc4 Re3+
43.Kf4 Kc7 44.Qg7+ Bd7 45.Qe7 Qxe7 46.Bxe7 Ba7 47.Bd6+ Kb7 48.Bd5+ Kc8 49.Rc1+ Kd8
50.Rg1 Rxe5 51.Rg8+ Re8 52.h5 Be3+ 53.Kf3 Bd2 54.Bf4 Bc3 55.Rxe8+ Bxe8 56.h6 Ke7
57.Ke3 Bb2 58.Kd2 Bg6 59.Bc4 a5 60.a4 Ba3 61.Bd3 Bf7 62.Kc2 Bc5 63.Be5  1-0

[Event "IX EICC"]
[Site "Plovdiv BUL"]
[Date "2008.04.29"]
[Round "8"]
[White "Istratescu,A"]
[Black "Bocharov,D"]
[Result "1-0"]
[WhiteElo "2628"]
[BlackElo "2569"]

1.e4 c5 2.Nf3 Nc6 3.d4 cxd4 4.Nxd4 Nf6 5.Nc3 d6 6.Bg5 e6 7.Qd2 Qb6 8.Nb3 a6
9.O-O-O Qc7 10.Kb1 Rb8 11.f4 b5 12.Bxf6 gxf6 13.Bd3 b4 14.Ne2 a5 15.Ng3 a4
16.Nc1 h5 17.Be2 h4 18.Nh5 Be7 19.g4 hxg3 20.hxg3 Rg8 21.b3 Bd7 22.bxa4 Na5
23.Nb3 Bxa4 24.Qd4 e5 25.Qf2 Nxb3 26.cxb3 Bc6 27.Bd3 Rg6 28.Rc1 Qb7 29.Qe2 Kf8
30.Rc2 Bd7 31.f5 Rg5 32.g4 Bd8 33.Ng3 Ke7 34.Rh6 Rc8 35.Bc4 Qa7 36.Nh5 d5
37.Nxf6 dxc4 38.Qd2 c3 39.Qxg5 Qg1+ 40.Qc1 Qxc1+ 41.Rxc1 Bc6 42.Nd5+ Bxd5
43.exd5 Rc5 44.Kc2 Ra5 45.Ra1 Kd7 46.a4 bxa3 47.b4 Rxd5 48.Rxa3 e4 49.Ra7+ Bc7
50.Rf6  1-0

[Event "IX EICC"]
[Site "Plovdiv BUL"]
[Date "2008.04.30"]
[Round "9"]
[White "Llaneza Vega,M"]
[Black "Jankovic,A"]
[Result "1-0"]
[WhiteElo "2425"]
[BlackElo "2528"]

1.e4 c5 2.Nf3 d6 3.d4 cxd4 4.Nxd4 Nf6 5.Nc3 Nc6 6.Bg5 e6 7.Qd2 a6 8.O-O-O Bd7
9.f3 h6 10.Be3 b5 11.Nxc6 Bxc6 12.Kb1 Qc7 13.Bd3 Be7 14.Rhe1 Rc8 15.Ne2 d5
16.e5 Ne4 17.Qc1 Qxe5 18.Nf4 Nd6 19.Bd2 Qf6 20.Nh5 Qh4 21.Nxg7+ Kd7 22.g4 Qf6
23.Nh5 Qxf3 24.Rg1 Ne4 25.Rdf1 Nf2 26.Rg3 Nxd3 27.cxd3 Qe2 28.Rxf7 Ke8 29.Nf4 Qxh2
30.Rh3 Qxh3 31.Rxe7+ Kxe7 32.Nxh3 Rhg8 33.Bb4+ Ke8 34.Qc5  1-0

[Event "IX EICC"]
[Site "Plovdiv BUL"]
[Date "2008.04.30"]
[Round "9"]
[White "Lintchevski,D"]
[Black "Djukic,Ni"]
[Result "1-0"]
[WhiteElo "2450"]
[BlackElo "2543"]

1.e4 c5 2.Nf3 Nc6 3.d4 cxd4 4.Nxd4 Nf6 5.Nc3 d6 6.Bg5 e6 7.Qd2 a6 8.O-O-O Bd7
9.f3 h6 10.Be3 b5 11.Nxc6 Bxc6 12.Ne2 Qc7 13.Nd4 Bb7 14.Bd3 Nd7 15.Kb1 Ne5
16.Rhe1 Be7 17.Bf1 Rc8 18.Qf2 O-O 19.Bc1 Bf6 20.h4 d5 21.g4 Ng6 22.g5 hxg5
23.Bxg5 Bxg5 24.hxg5 dxe4 25.fxe4 Qf4 26.Qxf4 Nxf4 27.Nb3 Rc7 28.Na5 Ba8
29.Rd6 Rc5 30.e5 Ng6 31.Rxa6 Nh4 32.b4 Rd5 33.Rd6 Rb8 34.Rxd5 Bxd5 35.Re3 Nf3
36.Kb2 Nxg5 37.a4 bxa4 38.Ka3 f5 39.exf6 gxf6 40.c4 Be4 41.c5 Kf7 42.b5 Rc8
43.Kb4 Ke7 44.b6 Bd5 45.Ba6 Rh8 46.c6 Ne4 47.c7 Nd6 48.Rg3 f5 49.b7 Bxb7
50.Nxb7 Nc8 51.Rg7+ Kf6 52.Rd7 Nb6 53.Nd8 a3 54.Kxa3 Rh1 55.Rd6 Ra1+ 56.Kb2  1-0

[Event "IX EICC"]
[Site "Plovdiv BUL"]
[Date "2008.04.30"]
[Round "9"]
[White "Galkin,A"]
[Black "Jojua,D"]
[Result "1/2-1/2"]
[WhiteElo "2606"]
[BlackElo "2463"]

1.e4 c5 2.Nf3 d6 3.d4 cxd4 4.Nxd4 Nf6 5.Nc3 Nc6 6.Bg5 e6 7.Qd2 a6 8.O-O-O Nxd4
9.Qxd4 Be7 10.f4 O-O 11.Be2 b5 12.e5 dxe5 13.fxe5 Qxd4 14.Rxd4 Nd5 15.Bxe7 Nxe7
16.Bf3 Rb8 17.Re1 Ng6 18.b4 Bb7 19.Bxb7 Rxb7 20.Ne4 Rc7 21.Nc5 a5 22.Rd7 Rxd7
23.Nxd7 Ra8 24.c4 axb4 25.cxb5 Nf8 26.Nxf8 Kxf8 27.Re4 Rxa2 28.b6 Ra8 29.Rc4 Rb8
30.Rc6 Ke7 31.Kb2 Kd7 32.Rc7+ Kd8 33.Rxf7 Rxb6 34.Rxg7 Rb5 35.Rg5 Ke8  1/2-1/2

[Event "III Tch-ESP Selecciones Autonomicas"]
[Site "Melilla ESP"]
[Date "2008.05.01"]
[Round "2"]
[White "Huerga Leache,M"]
[Black "Recuero Guerra,D"]
[Result "1/2-1/2"]
[WhiteElo "2440"]
[BlackElo "2411"]

1.e4 c5 2.Nf3 Nc6 3.d4 cxd4 4.Nxd4 Nf6 5.Nc3 d6 6.Bg5 e6 7.Qd2 Be7 8.O-O-O O-O
9.f3 Nxd4 10.Qxd4 a6 11.h4 b5 12.Kb1 Bb7 13.Qd2 Qc7 14.Ne2 Rfd8 15.Nd4 e5
16.Nf5 d5 17.exd5 Nxd5 18.Nxe7+ Nxe7 19.Qe1 Rxd1+ 20.Qxd1 Bd5 21.Bd3 Rd8
22.Qe1 f6 23.Bd2 Nc6 24.h5 Qf7 25.b3 f5 26.Bc3 h6 27.Qh4 Bxb3 28.axb3 Rxd3
29.cxd3 Qxb3+ 30.Bb2 Nb4 31.Qd8+ Kh7 32.Qa5 Qc2+ 33.Ka1 Qxg2 34.Rc1 Nxd3
35.Rb1 Nxb2 36.Rxb2 Qf1+ 37.Ka2 Qxf3 38.Qe1 e4 39.Qe2 Qc3 40.Qg2 Qf6 41.Kb1 Qe6
42.Qg3 Qf7 43.Rg2 Kh8 44.Qb8+ Kh7 45.Qg3 Kh8 46.Qe5 b4 47.Rg6 Qb3+ 48.Kc1 Qe3+
49.Kb2 Qa3+ 50.Kb1 Qd3+ 51.Kc1 Qe3+ 52.Kd1 Qd3+ 53.Ke1 Qe3+ 54.Kf1 Qf3+ 55.Kg1 Qd1+
56.Kf2 Qf3+ 57.Ke1 Qe3+ 58.Kd1 Qd3+ 59.Kc1 Qe3+ 60.Kb2 Qa3+ 61.Kb1 Qd3+ 62.Kb2  1/2-1/2

[Event "III Tch-ESP Selecciones Autonomicas"]
[Site "Melilla ESP"]
[Date "2008.05.01"]
[Round "2"]
[White "Aguera Naredo,J"]
[Black "De la Villa Garcia,J"]
[Result "1/2-1/2"]
[WhiteElo "2395"]
[BlackElo "2450"]

1.e4 c5 2.Nf3 d6 3.d4 cxd4 4.Nxd4 Nf6 5.Nc3 Nc6 6.Bg5 e6 7.Qd2 Be7 8.O-O-O O-O
9.f4 h6 10.Bh4 Bd7 11.Nf3 Qa5 12.Kb1 Rfd8 13.Qe1 Be8 14.Rg1 d5 15.exd5 Nxd5
16.Nxd5 Rxd5 17.Rxd5 Qxd5 18.Bxe7 Nxe7 19.Bd3 Rd8 20.Qe4 Qxe4 21.Bxe4 Bc6
22.Bxc6 Nxc6 23.c3 Kf8 24.Re1 g6 25.Kc2 Ke7 26.b4 Rd5 27.a3 g5 28.fxg5 hxg5
29.h3 f6 30.Re2 a6 31.Rd2 Rf5 32.Re2 Rf4 33.Nd2 Ne5 34.Ne4 b6 35.Kb3 g4 36.hxg4 Rxg4
37.Nd2 Nd3 38.Re3 Nf4 39.g3 Ng2 40.Rd3 Ne1 41.Re3 Ng2 42.Rd3 Ne1 43.Re3 Ng2
44.Rd3 Ne1 45.Re3  1/2-1/2

[Event "IX EICC"]
[Site "Plovdiv BUL"]
[Date "2008.05.01"]
[Round "10"]
[White "Ovetchkin,R"]
[Black "Smirnov,Arte"]
[Result "1-0"]
[WhiteElo "2556"]
[BlackElo "2438"]

1.e4 c5 2.Nf3 Nc6 3.d4 cxd4 4.Nxd4 Nf6 5.Nc3 d6 6.Bg5 e6 7.Qd2 Be7 8.O-O-O Qb6
9.Ndb5 O-O 10.Qe1 Rd8 11.f4 Rd7 12.Qg3 Qd8 13.Be2 d5 14.e5 Ne8 15.h4 a6 16.Bxe7 Qxe7
17.Nd4 Nc7 18.h5 Nxd4 19.Rxd4 b5 20.h6 g6 21.a3 Rb8 22.Qg5 Ne8 23.Qxe7 Rxe7
24.g4 f6 25.exf6 Nxf6 26.g5 Ne8 27.Re1 Kf7 28.Bd3 Nd6 29.Nd1 Nf5 30.Bxf5 exf5
31.Rxe7+ Kxe7 32.Ne3 Be6 33.Nxd5+ Bxd5 34.Rxd5 Rc8 35.Rd4 Ke6 36.Kd2 Rb8
37.b4 Rc8 38.Kd3 Rb8 39.c4 bxc4+ 40.Rxc4 Kd6 41.Rc5 Rb6 42.Kc4 Rb8 43.a4 Rb7
44.b5 axb5+ 45.axb5 Rb6 46.Rc8 Rb7 47.Rc6+ Kd7 48.Kc5 Ra7 49.Rf6 Ra4 50.Rf7+ Ke6
51.Rxh7 Rxf4 52.Rc7 Rh4 53.b6  1-0

[Event "ch-NED U21"]
[Site "Venlo NED"]
[Date "2008.05.02"]
[Round "8"]
[White "Burg,T"]
[Black "Swinkels,R"]
[Result "1-0"]
[WhiteElo "2342"]
[BlackElo "2448"]

1.e4 c5 2.Nf3 d6 3.d4 cxd4 4.Nxd4 Nf6 5.Nc3 Nc6 6.Bg5 e6 7.Qd2 a6 8.O-O-O Bd7
9.f3 Be7 10.h4 h6 11.Be3 h5 12.Qe1 Ne5 13.Bg5 Qc7 14.f4 Neg4 15.Be2 Bc6 16.Bf3 g6
17.Bxf6 Bxf6 18.Bxg4 hxg4 19.Qg3 Rc8 20.f5 Qb6 21.fxe6 Bxd4 22.Qxd6 Be3+
23.Kb1 Qc5 24.exf7+ Kxf7 25.Rdf1+ Ke8 26.Qe6+ Kd8 27.Rf7 Bd4 28.Rd1 Re8 29.Qf6+ Re7
30.Rxd4+ Bd7 31.Rf8+ Kc7 32.Nd5+ Kb8 33.Rxc8+  1-0

[Event "Open"]
[Site "Halkidiki GRE"]
[Date "2008.05.03"]
[Round "6"]
[White "Hristodoulou,P"]
[Black "Breahna,R"]
[Result "1/2-1/2"]
[WhiteElo "2092"]
[BlackElo "2310"]

1.e4 c5 2.Nf3 d6 3.d4 Nf6 4.Nc3 cxd4 5.Nxd4 Nc6 6.Bg5 e6 7.Qd2 a6 8.O-O-O Bd7
9.f3 h6 10.Be3 Qc7 11.Kb1 Ne5 12.g4 b5 13.Bd3 b4 14.Nce2 d5 15.g5 hxg5 16.Bxg5 dxe4
17.Bxf6 gxf6 18.Bxe4 Rb8 19.Qf4 Be7 20.h4 Rc8 21.h5 Nc4 22.Qg4 Bf8 23.Qh4  1/2-1/2

[Event "FSIM May"]
[Site "Budapest HUN"]
[Date "2008.05.04"]
[Round "2"]
[White "Liu Qingnan"]
[Black "Sankalp,M"]
[Result "1-0"]
[WhiteElo "2344"]
[BlackElo "2138"]

1.e4 c5 2.Nf3 d6 3.d4 cxd4 4.Nxd4 Nf6 5.Nc3 Nc6 6.Bg5 e6 7.Qd2 Be7 8.O-O-O Nxd4
9.Qxd4 O-O 10.f3 a6 11.h4 Qc7 12.h5 h6 13.Bh4 b5 14.g4 Rb8 15.a3 b4 16.axb4 e5
17.Qd2 Be6 18.Bxf6 Bxf6 19.Qxd6 Qa7 20.Qc5 Qb7 21.Nd5 Bxd5 22.exd5 Rfc8 23.Qa5 Bd8
24.Qa4 Bg5+ 25.Kb1 Qxb4 26.Qxb4 Rxb4 27.Rh2 Be3 28.Bxa6 Rc5 29.d6 Rd4 30.Rxd4 exd4
31.d7 Rd5 32.Bb5 Bg5 33.Ba4 Ra5 34.b3 Re5 35.Rd2 Rd5 36.Rd3 Kf8 37.c4 Rd6
38.c5 Rd5 39.f4 Bxf4 40.Bc6  1-0

[Event "Panamericano w"]
[Site "San Salvador ESA"]
[Date "2008.05.08"]
[Round "3"]
[White "Yuan Yuanling"]
[Black "Zepeda,S"]
[Result "1-0"]
[WhiteElo "2119"]
[BlackElo "2048"]

1.e4 c5 2.Nf3 Nc6 3.d4 cxd4 4.Nxd4 Nf6 5.Nc3 d6 6.Bg5 e6 7.Qd2 a6 8.O-O-O Bd7
9.f3 h6 10.Be3 Qc7 11.g4 Be7 12.h4 O-O-O 13.Qf2 Rde8 14.Nb3 Bd8 15.Na4 Ne5
16.Nb6+ Kb8 17.Nxd7+ Qxd7 18.Rg1 Be7 19.g5 hxg5 20.hxg5 Nh5 21.f4 Nc6 22.Kb1 g6
23.Be2 Rc8 24.Nc5 Qe8 25.Nxa6+ Ka8 26.Qf1 bxa6 27.Bxh5 Nb4 28.c3 Rxh5 29.cxb4 Qa4
30.Qd3 Kb7 31.Qd4 Rc2 32.Rd2 Rh2 33.Rxh2 Rxh2 34.Qa7+  1-0

[Event "43rd Capablanca Memorial Open"]
[Site "Havana CUB"]
[Date "2008.05.09"]
[Round "2"]
[White "Ortiz Suarez,I"]
[Black "Almeida Quintana,O"]
[Result "0-1"]
[WhiteElo "2405"]
[BlackElo "2527"]

1.e4 c5 2.Nf3 Nc6 3.d4 cxd4 4.Nxd4 Nf6 5.Nc3 d6 6.Bg5 e6 7.Qd2 a6 8.O-O-O Bd7
9.f3 Be7 10.h4 h6 11.Be3 h5 12.Kb1 Ne5 13.Bg5 b5 14.Bd3 Qb6 15.Be3 Qb7 16.Rhe1 b4
17.Nce2 a5 18.Bg5 a4 19.Ng3 g6 20.Qf4 Nxd3 21.cxd3 e5 22.Qe3 Qa7 23.Nc2 b3
24.axb3 axb3 25.Na3 Qa4 26.Ne2 O-O 27.Nc3 Qa5 28.g4 Rfc8 29.Bxf6 Bxf6 30.Rc1 Bxh4
31.Rg1 hxg4 32.fxg4 Qa7 33.Qe2 Qf2 34.Qxf2 Bxf2 35.Rg2 Be3 36.Re1 Bc5 37.Nd5 Kg7
38.Nc4 Ra6 39.Nd2 Bb5 40.Nc4 Bd4 41.Nde3 Ra2 42.g5 Rca8 43.Kc1 Bxc4  0-1

[Event "43rd Capablanca Memorial Open"]
[Site "Havana CUB"]
[Date "2008.05.09"]
[Round "2"]
[White "Perez Garcia,Rodn"]
[Black "Pina Vega,S"]
[Result "1-0"]
[WhiteElo "2432"]
[BlackElo "2279"]

1.e4 c5 2.Nf3 d6 3.d4 cxd4 4.Nxd4 Nf6 5.Nc3 Nc6 6.Bg5 e6 7.Qd2 Be7 8.O-O-O Nxd4
9.Qxd4 O-O 10.f4 Qa5 11.Bc4 Rd8 12.e5 dxe5 13.Qxe5 Qb4 14.Rd4 Rxd4 15.Qxd4 a6
16.a3 Qc5 17.Bxf6 gxf6 18.Qd3 b5 19.Bb3 Bb7 20.f5 Rd8 21.Qg3+ Kh8 22.fxe6 fxe6
23.Bxe6 Qg5+ 24.Qxg5 fxg5 25.Rf1 Bxg2 26.Rf7 Bf8 27.Bf5 Bg7 28.Be4 Bxc3 29.Bxg2 Bd4
30.Be4 Be3+ 31.Kb1 Rd4 32.Rxh7+ Kg8 33.Re7 Kf8 34.Re6 Bf4 35.h3 Rd6 36.Rxd6 Bxd6
37.b4 a5 38.c3 axb4 39.cxb4 Ke7 40.Bc6 Bg3 41.Kc2 Be1 42.Kd3 Kd6 43.Bxb5 Kc7
44.Kc4 Kb6 45.a4 Ka7 46.Bd7 Kb6 47.a5+ Ka7 48.Kb5 Bd2 49.Ka4 Bf4 50.Bc6 Bd2
51.b5 Be3 52.Bd5 Bf2 53.b6+ Bxb6 54.axb6+ Kxb6 55.Kb4 Kc7 56.Kc5  1-0

[Event "43rd Capablanca Memorial Open"]
[Site "Havana CUB"]
[Date "2008.05.10"]
[Round "3"]
[White "Iturrizaga,E"]
[Black "Pina Vega,S"]
[Result "1/2-1/2"]
[WhiteElo "2534"]
[BlackElo "2279"]

1.e4 c5 2.Nf3 d6 3.d4 cxd4 4.Nxd4 Nf6 5.Nc3 Nc6 6.Bg5 e6 7.Qd2 Be7 8.O-O-O O-O
9.f3 Nxd4 10.Qxd4 Qa5 11.Bd2 Qc5 12.Qxc5 dxc5 13.Be3 b6 14.e5 Nd7 15.f4 Rd8
16.Bb5 Nb8 17.Rxd8+ Bxd8 18.Rd1 Be7 19.Be8 Bb7 20.Nb5 Kf8 21.Nc7 Na6 22.Rd7 Nxc7
23.Rxc7 Bxg2 24.Ba4 a6 25.c4 Rb8 26.Kd2 h6 27.Ke2 Be4 28.a3 Bd8 29.Rd7 Be7
30.Rc7 Bd8 31.Rd7  1/2-1/2

[Event "Mayors Cup Open"]
[Site "Mumbai IND"]
[Date "2008.05.12"]
[Round "2"]
[White "Jadhav,R"]
[Black "Bartakke,A"]
[Result "0-1"]
[WhiteElo "1876"]
[BlackElo "2194"]

1.e4 c5 2.Nf3 d6 3.d4 cxd4 4.Nxd4 Nf6 5.Nc3 Nc6 6.Bg5 Qb6 7.Nb3 e6 8.Qd2 Be7
9.O-O-O a6 10.f4 O-O 11.Bxf6 gxf6 12.g4 Bd7 13.f5 Rac8 14.Be2 Kh8 15.h4 Rg8
16.Kb1 Rg7 17.Rdg1 Ne5 18.Rg2 a5 19.Rhg1 a4 20.Nd4 a3 21.Nb3 axb2 22.g5 Rcg8
23.Bh5 Bc6 24.g6 fxg6 25.fxg6 f5 26.Nd1 Bxe4 27.gxh7 Kxh7 28.Rxg7+ Rxg7 29.Rxg7+ Kxg7
30.Nxb2 Bf6 31.Qd1 d5 32.Na4 Qe3 33.Nac5 Nc4 34.Nxe6+ Kh6 35.Ned4 Na3+  0-1

[Event "Mayors Cup Open"]
[Site "Mumbai IND"]
[Date "2008.05.12"]
[Round "3"]
[White "Filippov,An UZB"]
[Black "Mehar,C"]
[Result "1/2-1/2"]
[WhiteElo "2509"]
[BlackElo "2265"]

1.e4 c5 2.Nf3 d6 3.d4 cxd4 4.Nxd4 Nf6 5.Nc3 Nc6 6.Bg5 e6 7.Qd2 Be7 8.O-O-O O-O
9.Nb3 a6 10.Kb1 b5 11.Bxf6 Bxf6 12.Qxd6 Bxc3 13.Qxd8 Rxd8 14.Rxd8+ Nxd8 15.bxc3 Bb7
16.f3 Rc8 17.Kb2 Kf8 18.Be2 Ke7 19.Na5 Rc7 20.Rd1 Nc6 21.Nxc6+ Rxc6 22.Kb3 Rd6
23.Rxd6 Kxd6 24.Kb4 Kc6 25.c4 bxc4 26.Bxc4 Kb6 27.Bb3 Bc6 28.Ba4 a5+ 29.Kb3 Bb7
30.Kc4 e5 31.Bd7 f6 32.Be8 Ba8 33.Bb5 Bb7 34.Bd7 Ba8 35.Bf5 h6 36.Bg6 Bc6
37.h4 Bb7 38.h5 Bc6 39.Bf7 Bb7 40.Be8 Ba8 41.Kb3 Bb7 42.c4 Ba6 43.Bb5 Bc8
44.Ka4 f5 45.exf5 Bxf5 46.c5+ Kxc5 47.Kxa5 e4 48.fxe4 Bxe4 49.g3 Bd5 50.a3 Bf3
51.Be8 Be2 52.a4 Bc4 53.Bb5 Bf7 54.Be2 Bb3 55.Bf3 Bc2 56.Bg4 Bb3 57.Bd7 Bd1
58.Ka6 Bxh5 59.g4 Bf7 60.Kb7 h5 61.gxh5 Bxh5 62.a5 Be2 63.Kc7 g5 64.Bc8 g4
65.Bxg4 Bxg4  1/2-1/2

[Event "FSIM May"]
[Site "Budapest HUN"]
[Date "2008.05.13"]
[Round "11"]
[White "Tate,A"]
[Black "Gao Rui"]
[Result "0-1"]
[WhiteElo "2167"]
[BlackElo "2139"]

1.e4 c5 2.Nf3 d6 3.d4 cxd4 4.Nxd4 Nf6 5.Nc3 Nc6 6.Bg5 e6 7.Qd2 a6 8.O-O-O h6
9.Be3 Be7 10.f3 Nxd4 11.Qxd4 e5 12.Qb6 Qxb6 13.Bxb6 Be6 14.Nd5 Nxd5 15.exd5 Bf5
16.Bd3 Bxd3 17.Rxd3 Rc8 18.Rb3 O-O 19.Rb4 Bg5+ 20.Kb1 f5 21.a4 Rfe8 22.c3 Re7
23.Re1 Kf7 24.Kc2 h5 25.Bf2 Bf6 26.h4 Rg8 27.Rh1 g5 28.hxg5 Rxg5 29.Rh2 e4
30.Bh4 Rg6 31.Bxf6 Kxf6 32.fxe4 fxe4 33.Kd2 Re5 34.Ke2 Rg7 35.c4 Reg5 36.Kf2 Ke5
37.Rb6 Kd4 38.Rxd6 e3+ 39.Ke1 Rxg2 40.Rxg2 Rxg2 41.Re6 Kd3 42.Kf1 Rf2+ 43.Kg1 Rf7
44.c5 e2 45.d6 Kd2 46.b4 e1=Q+ 47.Rxe1 Kxe1 48.b5 axb5 49.axb5 Rd7  0-1